000 00760cam a2200157 4500500
005 20260111113227.0
041 _afre
042 _adc
100 1 0 _aLantz, Pierre
_eauthor
245 0 0 _aMichael Hardt, Antonio Negri, Empire, traduit de l’américain par Denis-Armand Canal, Paris, Exils éditeur, 2000.
260 _c2001.
500 _a54
520 _aEn partant de la Conférence d’introduction à la psychanalyse de Bernard Bensidoun pour la Société psychanalytique de Paris, Shirley Leong revient sur le traumatisme à l’adolescence.
786 0 _nL'Homme & la Société | 139 | 1 | 2001-03-01 | p. 145a-170a | 0018-4306
856 4 1 _uhttps://shs.cairn.info/revue-l-homme-et-la-societe-2001-1-page-145a?lang=fr&redirect-ssocas=7080
999 _c1632698
_d1632698